Statistics for Most popular baby names in Hungary

Click here to take the quiz!

General Stats

  • This quiz has been taken 95 times
  • The average score is 3 of 10

Answer Stats

GenderAnswer% Correct
BoyBence
67%
GirlAnna
64%
GirlHanna
40%
BoyMáté
29%
GirlEmma
20%
BoyLevente
20%
BoyDominik
16%
GirlZoé
14%
GirlLuca
10%
BoyMarcell
7%

Score Distribution

Percentile by Number Answered

Percent of People with Each Score

Your Score History

You have not taken this quiz